| 000 | 00000nam 2200000za 4500 |
| 001 | 9.694271 |
| 003 | CaOODSP |
| 005 | 20231115135000 |
| 007 | cr ||||||||||| |
| 008 | 150407|2010||||xxc|||||o f|0| 0 eng d |
| 020 | |a978-1-100-17928-5 |
| 040 | |aCaOODSP|beng |
| 043 | |an-cn--- |
| 086 | 1 |aH128-1/11-641E-PDF |
| 110 | 1 |aCanada. |bHealth Canada. |
| 245 | 10|aFederal contaminated site risk assessment in Canada : |h[electronic resource]|bsupplemental guidance on human health risk assessment for country foods (HHRA Foods) / |cprepared by Contaminated Sites Division, Safe Environments Directorate. |
| 260 | |aOttawa - Ontario : |bHealth Canada |cOctober 2010. |
| 300 | |a33p.|breferences, tables |
| 590 | |a12-40-Supp|b2012-10-23 |
| 690 | 07|aFood safety|2gcpds |
| 690 | 07|aRisk management|2gcpds |
| 775 | 08|tL'évaluation des risques pour les sites contaminés fédéraux au Canada : |w(CaOODSP)9.638447 |
| 856 | 40|ahttp://publications.gc.ca|qPDF|s487 KB|uhttps://publications.gc.ca/collections/collection_2012/sc-hc/H128-1-11-641-eng.pdf |